| 000 | 00948nam a2200337 b 4500 | ||
|---|---|---|---|
| 001 | 00489043 | ||
| 003 | DO-SdBPM | ||
| 005 | 20250807104557.0 | ||
| 007 | ta | ||
| 008 | 960726s1995 sp | ||| ||spa | ||
| 017 |
_a _b |
||
| 020 | _a8420646830 | ||
| 035 | _a | ||
| 040 |
_aDO-SdBPM _bspa _cBPMSU _e rda |
||
| 080 | 0 | _a | |
| 080 | 0 | _a | |
| 082 | 4 |
_a927.8 _bM939 1995 _222 |
|
| 100 | 1 |
_aPérez Sierra, Rafael _eautor |
|
| 245 | 1 | 0 |
_aMozart / _cRafael Pérez Sierra _h |
| 264 |
_aMadrid : _bAlianza Editorial _c1995 |
||
| 300 |
_a95 páginas : _c15 cm |
||
| 336 |
_atexto _btxt _2rdacontent |
||
| 337 |
_asin mediación _bn _2rdamedia |
||
| 338 |
_avolumen _bnc _2rdacarrier |
||
| 490 | 0 |
_aAlianza cien, _v83 |
|
| 590 | _aInventariado, 2025/VM | ||
| 600 | 1 | 4 |
_aMozart, Wolfgang Amadeus _d1756-1791 _vBiografías _2 |
| 650 | 7 |
_aMúsicos alemanes _vBiografías |
|
| 910 | _aVMateo V. Control de calidad. BPMSU | ||
| 942 |
_2ddc _cBK |
||
| 999 |
_c9338 _d9338 |
||